000
00377nam a2200145Ia 4500
008
100122s9999 xx 000 0 und d
082
_b
16487
_a
823
100
_a
भावे पु भा
245
_a
व्याध
260
_b
मेनका प्रकाशन
_c
1970
300
_a
132
630
_a
व्याध
730
_a
व्याध
942
_c
BOOK
999
_c
406428
_d
406425